Datum a čas kvízu
27.5
Celkem bodů
Celkový počet nahraných bodů na tomto kvízu bez doplňovacích otázek.
10.
Pořadí na kvízu
Konečné umístění týmu na tomto kvízu.
Zaznamenané odpovědi
| # | Otázka | Odpověď | Body | Výsledky |
|---|---|---|---|---|
| 1. | Ukrajinský prezident Volodymyr... | klíč od Senátu, tričko | 1 | |
| 2. | Parlament jednoho evropského s... | Rakousko | 0 | |
| 3. | Hlavní cenu na karlovarském fi... | Bulharska | 0 | |
| 4. | Jak se nazývá nová sociální sí... | Threads | 1 | |
| 5. | V pondělí začal v Londýně nejs... | tenisté nemusí mít pouze bílou barvu dresů | 1 | |
| 6. | Prověříme váš přehled o histor... | C) Mácha a Purkyně | 1 | |
| 7. | Co si myslíte, mohl malíř Tizi... | ano | 0 | |
| 8. | Seřaďte tyto domácí události 2... | 1C 2B 3D 4A | 1 | |
| 9. | Která z těchto historických os... | B | 1 | |
| 10. | Která z následujících událostí... | D | 1 |